000 01201nam0a22002891 4500
001 rc\4180893
005 20130415192404.5
021 _aRU
_b[51-7925]
035 _a(NLR Aleph) 008190028
090 _a7969783
_c7969783
100 _a20130415g19501951|||y0rusy50 ca
101 0 _arus
102 _aRU
105 _ay z |||||
200 1 _aЧто читать о посевах кукурузы и чумизы
_eРек. список литературы для работников сельского хозяйства Моск. обл.
_fМоск. обл. б-ка
210 _aМосква
_cБ. и.
_d1950 [вып. дан. 1951]
215 _a4 с.
_d18
300 _aСост. указан на 3-й с.
606 _aЧумиза
_xВозделывание
_jБиблиография
_2psbo
606 _aКукуруза
_xВозделывание
_jБиблиография
_2psbo
700 1 _aШпилько
_bМ. А.
_gМаргарита Алексеевна
_4220
712 0 2 _aМосковская областная библиотека
_3RU\NLR\AUTH\889964492
801 0 _aRU
_bNLR
_gpsbo
801 1 _aRU
_bELAR
_2rusmarc
852 _aNLR
_jС375Кук-660/Ш83
942 _cBOOK
980 _aNB